[Event "2006 U.S. Masters Championship"]
[Site "Hendersonville, NC"]
[Date "2006.03.11"]
[Round "1.1"]
[White "Harris, Neal D"]
[Black "Burnett, Ronald W"]
[Result "0-1"]
[WhiteElo "2204"]
[BlackElo "2424"]
[PlyCount "86"]
[EventDate "2006.03.11"]
[EventCountry "USA"]

 1. e4 c6 2. d4 g6 3. Nc3 Bg7 4. Bg5 Qb6 5. Nge2 Qxb2 6. Rb1 Qa3 7. Qd2 d6 8. Nc1 Qa5 9. Bc4 Nd7 10. O-O Ngf6 11. f4 d5 12. exd5 Nb6 13. Bb3 Nfxd5 14. N1e2 Bg4 15. Bxd5 Nxd5 16. Rxb7 O-O 17. f5 Nxc3 18. Nxc3 Rad8 19. f6 exf6 20. Bxf6 Bxf6 21. Rxf6 Be6 22. a4 Qe5 23. Rf4 c5 24. dxe5 Rxd2 25. Rf2 Rfd8 26. Rc7 Rxf2 27. Kxf2 Rd2+ 28. Kg3 c4 29. Rxa7 Rxc2 30. Ne4 Kf8 31. a5 Bd5 32. Nf6 Bxg2 33. e6 fxe6 34. Nxh7+ Ke8 35. a6 Kd8 36. Nf8 Bd5 37. Rg7 Ra2 38. a7 c3 39. Rg8 Ke7 40. Nxg6+ Kf7 41. Rc8 Kxg6 42. Rxc3 Rxa7 43. h4 Kf5 0-1

[Event "2006 U.S. Masters Championship"]
[Site "Hendersonville, NC"]
[Date "2006.03.11"]
[Round "1.1"]
[White "Ardaman, Miles F"]
[Black "Dana, Maurice"]
[Result "1-0"]
[WhiteElo "2377"]
[BlackElo "2200"]
[PlyCount "51"]
[EventDate "2006.03.11"]
[EventCountry "USA"]

 1. b4 e5 2. a3 d5 3. Bb2 Nd7 4. e3 Ngf6 5. Nf3 e4 6. Nd4 Ne5 7. h3 h5 8. d3 Bd6 9. Nb5 a6 10. Nxd6+ Qxd6 11. Nd2 Be6 12. Nb3 O-O-O 13. Qd2 d4 14. Nxd4 exd3 15. cxd3 Rhe8 16. Rc1 Bd5 17. Nf5 Qd7 18. Nxg7 Re7 19. f4 Bxg2 20. fxe5 Bxh1 21. exf6 Re4 22. Qf2 Re6 23. Nxe6 Qxe6 24. e4 Bxe4 25. dxe4 Qxe4+ 26. Be2 1-0

[Event "2006 U.S. Masters Championship"]
[Site "Hendersonville, NC"]
[Date "2006.03.11"]
[Round "1.1"]
[White "Daniel, Justin D"]
[Black "Privman, Boris"]
[Result "1/2-1/2"]
[WhiteElo "2184"]
[BlackElo "2338"]
[PlyCount "67"]
[EventDate "2006.03.11"]
[EventCountry "USA"]

 1. e4 e6 2. d4 d5 3. Nc3 Nf6 4. e5 Nfd7 5. Nce2 c5 6. f4 Nc6 7. Nf3 Be7 8. c3 O-O 9. g3 Qb6 10. Bh3 cxd4 11. cxd4 Qb4+ 12. Nc3 Bd8 13. a3 Qe7 14. O-O Bb6 15. Kg2 f5 16. exf6 Nxf6 17. Re1 Nd8 18. f5 Re8 19. Bg5 Qf7 20. Bxf6 gxf6 21. Qd3 Bd7 22. Re2 Nc6 23. Rae1 exf5 24. Rxe8+ Rxe8 25. Rxe8+ Bxe8 26. Qxf5 Ne7 27. Qf4 Bc6 28. Qd6 Kf8 29. Ne2 Qg6 30. Nf4 Qc2+ 31. Kg1 Qd1+ 32. Kg2 Qc2+ 33. Kg1 Qd1+ 34. Kg2 1/2-1/2

[Event "2006 U.S. Masters Championship"]
[Site "Hendersonville, NC"]
[Date "2006.03.11"]
[Round "1.1"]
[White "Aliev, Timur"]
[Black "Kidd, Jeffrey A"]
[Result "1-0"]
[WhiteElo "2327"]
[BlackElo "2157"]
[PlyCount "97"]
[EventDate "2006.03.11"]
[EventCountry "USA"]

 1. e4 e5 2. Nf3 Nc6 3. Nc3 Nf6 4. Bb5 Bb4 5. O-O O-O 6. d3 d6 7. Bg5 Bxc3 8. bxc3 Qe7 9. Re1 Nd8 10. d4 Ne6 11. Bc1 c5 12. Bf1 Rd8 13. d5 Nf8 14. h3 Ne8 15. Qd3 g6 16. g4 f6 17. Kh2 Bd7 18. a4 b6 19. Bd2 Rdb8 20. c4 Rb7 21. Ng1 Ng7 22. f4 a6 23. Nf3 Bc8 24. fxe5 dxe5 25. g5 Ne8 26. gxf6 Qxf6 27. Bg2 Nd6 28. Rf1 Qg7 29. Rf2 Raa7 30. Bc3 Nf7 31. Raf1 Re7 32. Qe3 a5 33. Ng5 Ba6 34. Qg3 Bxc4 35. Rxf7 Rxf7 36. Rxf7 Rxf7 37. Nxf7 Qxf7 38. Qxe5 Qd7 39. h4 Kf7 40. Bh3 Qe7 41. Qf4+ Ke8 42. Bf6 Qb7 43. Qe5+ Kf7 44. Bg5 b5 45. Be6+ Nxe6 46. Qxe6+ Kg7 47. Qf6+ Kg8 48. Bh6 Qf7 49. Qd8+ 1-0

[Event "2006 U.S. Masters Championship"]
[Site "Hendersonville, NC"]
[Date "2006.03.11"]
[Round "1.1"]
[White "Cao, Tony"]
[Black "Bereolos, Peter J"]
[Result "1-0"]
[WhiteElo "2099"]
[BlackElo "2316"]
[PlyCount "117"]
[EventDate "2006.03.11"]
[EventCountry "USA"]

 1. e4 e5 2. Nf3 Nc6 3. Bb5 a6 4. Ba4 Nf6 5. O-O Be7 6. Re1 b5 7. Bb3 d6 8. c3 O-O 9. h3 Nd7 10. d4 Bf6 11. a4 Bb7 12. a5 Re8 13. d5 Ne7 14. c4 Nc5 15. Ba2 c6 16. b4 Nd7 17. Nc3 bxc4 18. Bxc4 cxd5 19. Nxd5 Nxd5 20. Bxd5 Bxd5 21. Qxd5 Be7 22. Qd3 d5 23. Qxd5 Bxb4 24. Bg5 Nf6 25. Qxd8 Raxd8 26. Reb1 Rb8 27. Bxf6 gxf6 28. Ra4 Bc3 29. Rb6 Rxb6 30. axb6 Rb8 31. Rxa6 Kg7 32. Nh4 Bb4 33. Nf5+ Kg6 34. Ne3 Bc5 35. Nd5 Rb7 36. g4 Kg5 37. Kg2 Kh4 38. Ra8 Bxb6 39. Rh8 Bc5 40. Rxh7+ Kg5 41. Rh5+ Kg6 42. Rf5 Rb3 43. Rxf6+ Kg7 44. Rf5 Bd4 45. h4 Ra3 46. h5 Bb2 47. g5 Ra4 48. f3 Ra2 49. h6+ Kg8 50. Kg3 Ba3 51. Kh3 Rf2 52. Nf6+ Kh8 53. Ng4 Rf1 54. Rxf7 Bc1 55. g6 Bxh6 56. Kg2 Ra1 57. Rh7+ Kg8 58. Nf6+ Kf8 59. Rf7# 1-0

[Event "2006 U.S. Masters Championship"]
[Site "Hendersonville, NC"]
[Date "2006.03.11"]
[Round "1.1"]
[White "Cheng, Xiao"]
[Black "Lopez II, Nelson M"]
[Result "1-0"]
[WhiteElo "2292"]
[BlackElo "2087"]
[PlyCount "100"]
[EventDate "2006.03.11"]
[EventCountry "USA"]

 1. e4 e5 2. Nf3 Nc6 3. Bb5 Nf6 4. O-O Nxe4 5. d4 Nd6 6. Bxc6 dxc6 7. dxe5 Nf5 8. Qxd8+ Kxd8 9. Nc3 Be6 10. Rd1+ Ke8 11. Ng5 h6 12. Nxe6 fxe6 13. Ne2 g5 14. b3 c5 15. Bb2 Bg7 16. Rd3 Rd8 17. Rad1 Rxd3 18. Rxd3 Ne7 19. f4 Rf8 20. g3 Nd5 21. a3 gxf4 22. c4 f3 23. Nc1 Ne7 24. Kf2 Nc6 25. Re3 Rf5 26. Nd3 b6 27. Rxf3 Rh5 28. h4 Nd4 29. Bxd4 cxd4 30. b4 Rf5 31. g4 Rf7 32. Rxf7 Kxf7 33. b5 Kg6 34. Kf3 Bf8 35. a4 Be7 36. h5+ Kf7 37. Ke4 Bc5 38. Nf4 Ke7 39. Ne2 Kf7 40. Nxd4 Bxd4 41. Kxd4 Kg7 42. Ke4 Kf7 43. Kf4 Kg7 44. g5 Kh7 45. gxh6 Kxh6 46. Kg4 Kh7 47. Kg5 Kg7 48. h6+ Kf7 49. h7 Kg7 50. h8=Q+ Kxh8 1-0

[Event "2006 U.S. Masters Championship"]
[Site "Hendersonville, NC"]
[Date "2006.03.11"]
[Round "1.1"]
[White "Vest, David"]
[Black "Newton, Frankie"]
[Result "1/2-1/2"]
[WhiteElo "2072"]
[BlackElo "2283"]
[PlyCount "84"]
[EventDate "2006.03.11"]
[EventCountry "USA"]

 1. c4 e5 2. Nc3 Nf6 3. Nf3 d6 4. g3 Be7 5. Bg2 O-O 6. O-O c6 7. d3 Nbd7 8. e4 a6 9. b3 b5 10. Bb2 Bb7 11. Qe2 Re8 12. Rae1 Bf8 13. Qd2 Qc7 14. Rc1 Qb6 15. Rfe1 Rad8 16. Re2 Nc5 17. Rce1 Ne6 18. Qc1 g6 19. Nd1 Bg7 20. Bc3 b4 21. Bd2 Nd7 22. Nb2 Ndc5 23. Rf1 a5 24. Be3 Qc7 25. Ne1 a4 26. Nxa4 Nxa4 27. bxa4 c5 28. a3 b3 29. Rb2 Bc6 30. Bf3 Rb8 31. Bd1 Bxa4 32. Qc3 Nd4 33. f3 Rb7 34. Rff2 Reb8 35. Rb1 Qb6 36. Rfb2 Qa7 37. Bd2 Rb6 38. Bc1 f5 39. Be3 Ne6 40. Bc1 Nd4 41. Be3 Ne6 42. Bc1 Nd4 1/2-1/2

[Event "2006 U.S. Masters Championship"]
[Site "Hendersonville, NC"]
[Date "2006.03.11"]
[Round "1.1"]
[White "Francis, Benjamin"]
[Black "Simpson, Ronald"]
[Result "0-1"]
[WhiteElo "2048"]
[BlackElo "2265"]
[PlyCount "78"]
[EventDate "2006.03.11"]
[EventCountry "USA"]

 1. e4 e5 2. f4 d5 3. exd5 Bc5 4. Qe2 Bxg1 5. Rxg1 Ne7 6. fxe5 O-O 7. d4 Nxd5 8. c4 Nb4 9. Be3 Bf5 10. Qf2 Nc2+ 11. Kd2 Bg6 12. Bd3 Nxa1 13. Nc3 Nc6 14. Rxa1 Bxd3 15. Kxd3 Nxe5+ 16. Kc2 Ng4 17. Qg3 Nxe3+ 18. Qxe3 Qd6 19. g3 Rae8 20. Qd2 Qg6+ 21. Kb3 Rd8 22. Rd1 Rfe8 23. a3 Qg4 24. Qd3 Re6 25. d5 Rf6 26. Re1 h5 27. Re4 Qg6 28. Qe3 a6 29. Ka2 Rf5 30. Re7 Rc8 31. Ne4 b5 32. b3 bxc4 33. bxc4 Qg4 34. Qe1 Qf3 35. Qb4 Qe2+ 36. Kb3 Qd1+ 37. Kb2 Rf1 38. Kc3 a5 39. Qb5 Rf3+ 0-1

[Event "2006 U.S. Masters Championship"]
[Site "Hendersonville, NC"]
[Date "2006.03.11"]
[Round "1.1"]
[White "Potter, Russell"]
[Black "Phillips, David G"]
[Result "1-0"]
[WhiteElo "2215"]
[BlackElo "1343"]
[PlyCount "97"]
[EventDate "2006.03.11"]
[EventCountry "USA"]

 1. d4 d5 2. c4 c6 3. Nc3 Nf6 4. e3 Bg4 5. f3 Be6 6. cxd5 Nxd5 7. e4 Nxc3 8. bxc3 g6 9. Be3 Bg7 10. Qd2 Qa5 11. Bd3 c5 12. Ne2 c4 13. Bc2 O-O 14. e5 Nc6 15. h4 Rad8 16. f4 f6 17. exf6 Rxf6 18. Ng3 Bd5 19. Rb1 b5 20. h5 Bxg2 21. Rg1 Bf3 22. hxg6 hxg6 23. f5 Bh5 24. Bg5 Rfd6 25. fxg6 Bxg6 26. Bxg6 Rxg6 27. Nf5 b4 28. Nxg7 Rxg7 29. Qe3 Qf5 30. Kd2 Rd5 31. Rbf1 Qd3+ 32. Qxd3 cxd3 33. Be3 bxc3+ 34. Kxc3 d2 35. Rxg7+ Kxg7 36. Rd1 e5 37. Kc4 exd4 38. Bh6+ Kxh6 39. Kxd5 Nb4+ 40. Kxd4 Nxa2 41. Rxd2 Nb4 42. Kc4 a5 43. Kb5 Kg5 44. Kxa5 Nc6+ 45. Kb5 Ne7 46. Kc5 Kf4 47. Rf2+ Ke3 48. Rf6 Ng8 49. Rg6 1-0

[Event "2006 U.S. Masters Championship"]
[Site "Hendersonville, NC"]
[Date "2006.03.13"]
[Round "1.2"]
[White "Magar, Thomas P"]
[Black "Margvelashvili, Giorgi"]
[Result "0-1"]
[WhiteElo "2200"]
[BlackElo "2463"]
[PlyCount "124"]
[EventDate "2006.03.11"]
[EventCountry "USA"]

 1. d4 Nf6 2. c4 d6 3. Nc3 Nbd7 4. e4 e5 5. d5 c6 6. Be3 Be7 7. f3 O-O 8. Qd2 a6 9. Bd3 cxd5 10. cxd5 b5 11. Nge2 Nb6 12. O-O Bd7 13. b4 Qb8 14. Rfb1 Ne8 15. g4 g6 16. Ng3 Ng7 17. Kh1 Kh8 18. Rg1 Rc8 19. Bh6 Bf8 20. Rac1 Rc7 21. Nce2 Rxc1 22. Nxc1 Nc4 23. Qe2 a5 24. Bxc4 bxc4 25. Qxc4 axb4 26. Bd2 Ra4 27. Kg2 Qb5 28. Qb3 Be7 29. Nf1 Bd8 30. Ne3 Bb6 31. Re1 Bc5 32. Nc2 f5 33. h3 h5 34. gxf5 gxf5 35. Nd3 Ra8 36. Bxb4 Bxb4 37. Ndxb4 fxe4 38. fxe4 Kh7 39. Qe3 Qc4 40. Re2 Rf8 41. Rf2 Rxf2+ 42. Kxf2 Bb5 43. Qe1 Ne8 44. Na3 Qd4+ 45. Kf3 Bd7 46. Nac2 Qc5 47. Qh4 Ng7 48. Qf2 Qc4 49. Qe2 Qc8 50. Nc6 Bxh3 51. Kf2 Bg4 52. Qe3 Qf8+ 53. Kg1 Qa8 54. a3 Qa4 55. Ne1 Ne8 56. Ne7 Ng7 57. Qg5 Qxe4 58. Ng2 Bf3 59. a4 Bxg2 60. Qxg2 Qe1+ 61. Kh2 Qh4+ 62. Kg1 Qxe7 0-1

[Event "2006 U.S. Masters Championship"]
[Site "Hendersonville, NC"]
[Date "2006.03.13"]
[Round "1.2"]
[White "Schroer, Jonathan"]
[Black "Haessel, Dale R"]
[Result "1-0"]
[WhiteElo "2462"]
[BlackElo "2158"]
[PlyCount "63"]
[EventDate "2006.03.11"]
[EventCountry "USA"]

 1. d4 Nf6 2. c4 g6 3. Nc3 d5 4. Nf3 Bg7 5. Qb3 dxc4 6. Qxc4 O-O 7. Bf4 Na6 8. e4 c5 9. dxc5 Qa5 10. e5 Nd7 11. a3 Qxc5 12. Qe4 Qb6 13. b4 Nc7 14. Bd3 a5 15. O-O axb4 16. axb4 Rxa1 17. Rxa1 Nb8 18. b5 Bf5 19. Qe2 Bg4 20. Na4 Qe6 21. Nc5 Qd5 22. Rc1 Bxf3 23. gxf3 b6 24. Bc4 Qd4 25. Nd3 Nd5 26. Be3 Nxe3 27. fxe3 Qd7 28. e6 fxe6 29. Nf4 Qd6 30. Nxe6 Rf6 31. Rd1 Qe5 32. f4 1-0

[Event "2006 U.S. Masters Championship"]
[Site "Hendersonville, NC"]
[Date "2006.03.13"]
[Round "1.2"]
[White "Hathaway, Mark S"]
[Black "Smith, Bryan G"]
[Result "0-1"]
[WhiteElo "2138"]
[BlackElo "2413"]
[PlyCount "54"]
[EventDate "2006.03.11"]
[EventCountry "USA"]

 1. e4 c5 2. Nf3 d6 3. d4 cxd4 4. Nxd4 Nf6 5. Nc3 a6 6. Bc4 e6 7. Bb3 Nbd7 8. Be3 Nc5 9. f3 Be7 10. Qd2 Qc7 11. O-O-O b5 12. Kb1 Bd7 13. a3 O-O 14. g4 Rfb8 15. g5 Ne8 16. h4 a5 17. g6 b4 18. axb4 axb4 19. gxf7+ Kxf7 20. Na2 Qa5 21. Bc4 Qa4 22. Qg2 b3 23. cxb3 Qxa2+ 24. Kc2 Nxb3 25. Nxb3 Rxb3 26. Bxb3 Rc8+ 27. Kd3 Bb5+ 0-1

[Event "2006 U.S. Masters Championship"]
[Site "Hendersonville, NC"]
[Date "2006.03.13"]
[Round "1.2"]
[White "Sarkar, Justin"]
[Black "Shaw, Tenzing W"]
[Result "1-0"]
[WhiteElo "2399"]
[BlackElo "2112"]
[PlyCount "39"]
[EventDate "2006.03.11"]
[EventCountry "USA"]

 1. d4 Nf6 2. c4 c5 3. d5 b5 4. cxb5 a6 5. f3 e6 6. e4 exd5 7. e5 Qe7 8. Qe2 Ng8 9. Nc3 Bb7 10. Nh3 d6 11. Nf4 dxe5 12. Nfxd5 Qd6 13. Bf4 Nd7 14. O-O-O Ngf6 15. Nxf6+ Qxf6 16. Bg3 Be7 17. bxa6 Rxa6 18. Qb5 Qc6 19. Qxc6 Rxc6 20. Bb5 1-0

[Event "2006 U.S. Masters Championship"]
[Site "Hendersonville, NC"]
[Date "2006.03.13"]
[Round "1.2"]
[White "Jones, Craig W"]
[Black "Kobernat, Alan E"]
[Result "1-0"]
[WhiteElo "2280"]
[BlackElo "2036"]
[PlyCount "73"]
[EventDate "2006.03.11"]
[EventCountry "USA"]

 1. d4 f5 2. g3 Nf6 3. Bg2 g6 4. Nh3 Bg7 5. O-O O-O 6. c3 c6 7. Nd2 d6 8. Qb3+ Kh8 9. Ng5 Qb6 10. Qxb6 axb6 11. Nc4 Ra6 12. f3 h6 13. Nh3 b5 14. Na3 e5 15. dxe5 dxe5 16. Nc2 Be6 17. Nb4 Ra8 18. Be3 Nbd7 19. Rfd1 c5 20. Nd3 b6 21. f4 e4 22. Ne5 Nxe5 23. fxe5 Nd5 24. Nf4 Nxe3 25. Nxe6 Nxd1 26. Nxf8 Nxb2 27. Nxg6+ Kh7 28. Nh4 Bxe5 29. Nxf5 Bxc3 30. Bxe4 Ra4 31. Bc2 Ra5 32. Rf1 Nc4 33. Nd6+ Kg7 34. Ne8+ Kg8 35. Bb3 Kh7 36. Rf8 Ra7 37. Bc2# 1-0

[Event "2006 U.S. Masters Championship"]
[Site "Hendersonville, NC"]
[Date "2006.03.13"]
[Round "1.2"]
[White "Sharp, Dale E"]
[Black "Fouts, Matthew A"]
[Result "1/2-1/2"]
[WhiteElo "2203"]
[BlackElo "2007"]
[PlyCount "25"]
[EventDate "2006.03.11"]
[EventCountry "USA"]

 1. e4 e6 2. d4 d5 3. Nc3 Nf6 4. Bg5 dxe4 5. Nxe4 Nbd7 6. Nf3 Be7 7. Ng3 c5 8. c3 Nd5 9. Bxe7 Qxe7 10. Bc4 N7f6 11. O-O O-O 12. Re1 Bd7 13. Ne5 1/2-1/2

[Event "2006 U.S. Masters Championship"]
[Site "Hendersonville, NC"]
[Date "2006.03.11"]
[Round "2.1"]
[White "Burnett, Ronald W"]
[Black "Potter, J Russell"]
[Result "1/2-1/2"]
[WhiteElo "2424"]
[BlackElo "2215"]
[PlyCount "99"]
[EventDate "2006.03.11"]
[EventCountry "USA"]

 1. e4 e5 2. Nf3 Nc6 3. Bb5 Nf6 4. d3 d6 5. c3 g6 6. Ba4 Bg7 7. O-O O-O 8. Bc2 Nh5 9. d4 Nf4 10. Na3 Qf6 11. Nb5 exd4 12. Nxc7 Bg4 13. Bxf4 Qxf4 14. Nd5 Bxf3 15. Nxf4 Bxd1 16. Rfxd1 dxc3 17. bxc3 Bxc3 18. Rab1 Rab8 19. Ba4 Be5 20. Ne2 Rfd8 21. f4 Bg7 22. Bxc6 bxc6 23. Rxb8 Rxb8 24. Rxd6 Rb2 25. Kf1 Rxa2 26. Rxc6 a5 27. e5 Bf8 28. Rc8 a4 29. Nd4 Rd2 30. e6 Kg7 31. Nf3 Rb2 32. Rc7 a3 33. Rxf7+ Kg8 34. Ra7 a2 35. Ne1 Bc5 36. Ra8+ Kg7 37. Nd3 Rb1+ 38. Ke2 a1=Q 39. Rxa1 Rxa1 40. Nxc5 Kf6 41. Kf3 h6 42. g4 Ra3+ 43. Ke4 Rh3 44. f5 gxf5+ 45. gxf5 Rxh2 46. Nd7+ Ke7 47. Ke5 Re2+ 48. Kd5 Rd2+ 49. Ke5 Re2+ 50. Kd5 1/2-1/2

[Event "2006 U.S. Masters Championship"]
[Site "Hendersonville, NC"]
[Date "2006.03.11"]
[Round "2.1"]
[White "Simpson, Ronald"]
[Black "Ardaman, Miles F"]
[Result "0-1"]
[WhiteElo "2265"]
[BlackElo "2377"]
[PlyCount "48"]
[EventDate "2006.03.11"]
[EventCountry "USA"]

 1. Nf3 b5 2. e3 a6 3. c4 bxc4 4. Qa4 Nf6 5. Bxc4 e6 6. d4 Be7 7. Nc3 Bb7 8. Qb3 Nc6 9. Bd3 Rb8 10. Qd1 Nb4 11. Bb1 c5 12. dxc5 Bxc5 13. a3 Nbd5 14. Nxd5 Nxd5 15. O-O f5 16. e4 fxe4 17. Ng5 O-O 18. Nxe4 Be7 19. b4 Bc6 20. Qc2 g6 21. Bb2 a5 22. bxa5 Qxa5 23. Ba2 Ba4 24. Qe2 Nf4 0-1

[Event "2006 U.S. Masters Championship"]
[Site "Hendersonville, NC"]
[Date "2006.03.11"]
[Round "2.1"]
[White "Cao, Tony"]
[Black "Aliev, Timur"]
[Result "0-1"]
[WhiteElo "2099"]
[BlackElo "2327"]
[PlyCount "88"]
[EventDate "2006.03.11"]
[EventCountry "USA"]

 1. e4 c5 2. Nf3 Nc6 3. d4 cxd4 4. Nxd4 g6 5. c4 Nf6 6. Nc3 d6 7. Be2 Nxd4 8. Qxd4 Bg7 9. Bg5 O-O 10. Qd2 Be6 11. O-O Qa5 12. Rac1 Rfc8 13. b3 a6 14. f4 b5 15. f5 b4 16. Bxf6 Bxf6 17. fxe6 bxc3 18. exf7+ Kg7 19. Qd3 Rf8 20. Bg4 Rxf7 21. Be6 Rff8 22. Bd5 Rab8 23. Rc2 Be5 24. g3 Qc5+ 25. Kg2 Rxf1 26. Kxf1 Rf8+ 27. Kg2 Rf6 28. Re2 e6 29. b4 Qc8 30. c5 exd5 31. exd5 Qf5 32. Qxf5 Rxf5 33. a4 Bd4 34. c6 Rf7 35. b5 axb5 36. axb5 Bb6 37. Rc2 Bd4 38. Ra2 Kf6 39. Ra4 Ke5 40. Rc4 Bb6 41. Rxc3 Kxd5 42. Rc2 Ke4 43. Ra2 Kd4 44. Rc2 d5 0-1

[Event "2006 U.S. Masters Championship"]
[Site "Hendersonville, NC"]
[Date "2006.03.11"]
[Round "2.1"]
[White "Privman, Boris"]
[Black "Vest, David"]
[Result "1-0"]
[WhiteElo "2338"]
[BlackElo "2072"]
[PlyCount "67"]
[EventDate "2006.03.11"]
[EventCountry "USA"]

 1. d4 Nf6 2. c4 d6 3. Nc3 e5 4. Nf3 Nbd7 5. g3 c6 6. d5 cxd5 7. cxd5 a6 8. a4 Be7 9. Bg2 Rb8 10. b4 O-O 11. O-O Ne8 12. e4 Nc7 13. Be3 a5 14. bxa5 Na6 15. Nd2 Qxa5 16. Nb5 Ndc5 17. Nc4 Qd8 18. f4 f5 19. fxe5 Nxe4 20. Bxe4 fxe4 21. Rxf8+ Bxf8 22. Nbxd6 Bxd6 23. Nxd6 Qe7 24. Qd4 Bd7 25. Qxe4 Rf8 26. h4 h6 27. Rc1 b6 28. Bxb6 Bxa4 29. Be3 Bd7 30. Bf4 Rb8 31. e6 Rb4 32. Qe5 Ba4 33. Rc8+ Kh7 34. Qf5+ 1-0

[Event "2006 U.S. Masters Championship"]
[Site "Hendersonville, NC"]
[Date "2006.03.11"]
[Round "2.1"]
[White "Newton, Frankie"]
[Black "Tae, Patrick J"]
[Result "1-0"]
[WhiteElo "2283"]
[BlackElo "2060"]
[PlyCount "57"]
[EventDate "2006.03.11"]
[EventCountry "USA"]

 1. d4 c5 2. e3 Nf6 3. Nf3 e6 4. Bd3 d5 5. b3 Nc6 6. O-O b6 7. Bb2 Bb7 8. Nbd2 Bd6 9. Ne5 Qc7 10. f4 O-O-O 11. a3 Rhf8 12. Rc1 g6 13. Qe2 Nd7 14. c4 Kb8 15. b4 cxb4 16. axb4 Ndxe5 17. fxe5 Bxb4 18. cxd5 exd5 19. Bb5 Rc8 20. Rf6 Qd7 21. Rcf1 a6 22. Bxa6 Bxa6 23. Qxa6 Bxd2 24. Ba3 Bxe3+ 25. Kh1 Bxd4 26. Bd6+ Rc7 27. Bxf8 Nxe5 28. Bd6 Ng4 29. Rxf7 1-0

[Event "2006 U.S. Masters Championship"]
[Site "Hendersonville, NC"]
[Date "2006.03.11"]
[Round "2.1"]
[White "Daniel, Justin D"]
[Black "Ferguson, Randal G"]
[Result "1-0"]
[WhiteElo "2184"]
[BlackElo "2274"]
[PlyCount "109"]
[EventDate "2006.03.11"]
[EventCountry "USA"]

 1. e4 c5 2. Nf3 d6 3. d4 cxd4 4. Nxd4 Nf6 5. Nc3 a6 6. f3 e5 7. Nb3 Be6 8. Be3 Be7 9. Qd2 O-O 10. O-O-O Nbd7 11. Qf2 b5 12. Nd5 Nxd5 13. exd5 Bf5 14. g4 Bh4 15. Qd2 Bg6 16. Qb4 a5 17. Qxb5 a4 18. Na1 Qe7 19. Qe2 Rfc8 20. Kb1 a3 21. b3 Qf6 22. Qd2 Nc5 23. Be2 Rab8 24. g5 Qe7 25. Kc1 Qb7 26. Bxc5 Rxc5 27. Rhg1 Bf2 28. Rg4 Bd4 29. Rxd4 exd4 30. Qxd4 Rbc8 31. c4 Qe7 32. Bd3 Qxg5+ 33. Kb1 Bxd3+ 34. Qxd3 Qe5 35. Qd4 Qxh2 36. Nc2 Re8 37. Rg1 g6 38. Rc1 Ra5 39. Qc3 Raa8 40. b4 Qf2 41. b5 Qc5 42. Qd4 Qc7 43. Nb4 Re2 44. Rc2 Re1+ 45. Rc1 Rxc1+ 46. Kxc1 Qe7 47. Qc3 Qe2 48. Nc2 Rc8 49. Nxa3 Qxa2 50. Qb2 Rxc4+ 51. Nxc4 Qxc4+ 52. Kb1 Qxd5 53. b6 Qb7 54. Qb4 h5 55. Qxd6 1-0

[Event "2006 U.S. Masters Championship"]
[Site "Hendersonville, NC"]
[Date "2006.03.11"]
[Round "2.1"]
[White "Bereolos, Peter J"]
[Black "Kidd, Jeffrey A"]
[Result "0-1"]
[WhiteElo "2316"]
[BlackElo "2157"]
[PlyCount "144"]
[EventDate "2006.03.11"]
[EventCountry "USA"]

 1. d4 Nf6 2. c4 e6 3. Nc3 Bb4 4. g3 c5 5. Nf3 O-O 6. Bg2 d5 7. cxd5 Nxd5 8. Bd2 Nc6 9. Nxd5 Qxd5 10. Bxb4 Nxb4 11. O-O Rb8 12. e3 cxd4 13. a3 Na6 14. Nxd4 Qd8 15. Qh5 Qe7 16. Rac1 e5 17. Nf3 f6 18. Nh4 g6 19. Bd5+ Kg7 20. Qe2 Nc7 21. Bg2 Ne6 22. Nf3 b6 23. b4 Bb7 24. h4 Rfd8 25. Rfd1 Rbc8 26. Qb2 Rc7 27. Kh2 Rcd7 28. Rxd7 Rxd7 29. Nd2 Bxg2 30. Kxg2 Rc7 31. Ne4 Qd7 32. Rxc7 Qxc7 33. Qd2 Qc6 34. f3 Kf7 35. b5 Qc7 36. Qd5 Ke7 37. g4 Qc2+ 38. Kg3 Qc7 39. Kh3 Nc5 40. Ng3 Qd8 41. Qc4 Qc8 42. h5 Qe6 43. Qc2 Qb3 44. Qxb3 Nxb3 45. h6 Nd2 46. Kg2 Nc4 47. Kf2 Nxa3 48. Ne4 Nxb5 49. g5 fxg5 50. Nxg5 Nd6 51. Nxh7 Nf5 52. f4 exf4 53. exf4 Nxh6 54. Ke2 Ke6 55. Nf8+ Kf5 56. Kf3 a5 57. Nd7 b5 58. Nc5 a4 59. Ne4 a3 60. Nc5 Ng8 61. Nb3 Ne7 62. Nd4+ Kf6 63. Ke4 b4 64. Nb3 Nc6 65. Kd5 Kf5 66. Kxc6 Kxf4 67. Kc5 g5 68. Kxb4 a2 69. Ka3 g4 70. Kxa2 Ke3 71. Na5 g3 72. Nc4+ Ke2 0-1

[Event "2006 U.S. Masters Championship"]
[Site "Hendersonville, NC"]
[Date "2006.03.11"]
[Round "2.1"]
[White "Pohl, Klaus A"]
[Black "Francis, Benjamin"]
[Result "1-0"]
[WhiteElo "2214"]
[BlackElo "2048"]
[PlyCount "120"]
[EventDate "2006.03.11"]
[EventCountry "USA"]

 1. e4 c5 2. Nf3 d6 3. Bb5+ Bd7 4. Bxd7+ Qxd7 5. O-O Nf6 6. Re1 Nc6 7. c3 e6 8. d4 cxd4 9. cxd4 d5 10. e5 Ne4 11. Nbd2 Nxd2 12. Bxd2 Be7 13. Rc1 O-O 14. a3 Rac8 15. Rc3 Nb8 16. Ree3 Rxc3 17. Rxc3 Rc8 18. Rxc8+ Qxc8 19. Qa4 a6 20. Kf1 Nd7 21. Ba5 h6 22. Ke2 Nb8 23. Ke3 Nc6 24. Bb6 Bd8 25. Bxd8 Qxd8 26. b4 Qc7 27. Qc2 Qd7 28. Qc5 Ne7 29. Kd2 Nc8 30. Ne1 Qd8 31. Nd3 Nb6 32. Nb2 Nd7 33. Qd6 Qg5+ 34. Kc3 Nf8 35. g3 Qc1+ 36. Kb3 Qc8 37. a4 Qd7 38. Nd3 f6 39. Nc5 Qe8 40. Nxb7 Qg6 41. Kb2 Qd3 42. Qc5 Qd2+ 43. Kb3 Qxf2 44. Qc2 Qxd4 45. exf6 gxf6 46. Nc5 f5 47. Nxa6 Ng6 48. Nc5 Ne5 49. Nxe6 Qa1 50. Qxf5 Qd1+ 51. Qc2 Qf3+ 52. Ka2 Nd3 53. Qc8+ Kh7 54. Qd7+ Kg6 55. Nf4+ Nxf4 56. Qd6+ Kh7 57. Qxf4 Qe2+ 58. Kb3 Qd1+ 59. Kc3 Qa1+ 60. Kd3 Qxa4 1-0

[Event "2006 U.S. Masters Championship"]
[Site "Hendersonville, NC"]
[Date "2006.03.11"]
[Round "2.1"]
[White "Lopez II, Nelson M"]
[Black "Harris, Neal D"]
[Result "1-0"]
[WhiteElo "2087"]
[BlackElo "2207"]
[PlyCount "117"]
[EventDate "2006.03.11"]
[EventCountry "USA"]

 1. e4 c5 2. Nf3 Nf6 3. Nc3 Nc6 4. d4 cxd4 5. Nxd4 d6 6. Be2 Nxd4 7. Qxd4 g6 8. Be3 Bg7 9. f3 O-O 10. Qd2 Be6 11. g4 Qa5 12. Bh6 Rfc8 13. Bxg7 Kxg7 14. h4 h5 15. g5 Nd7 16. f4 Qb4 17. O-O-O Nb6 18. a3 Qc5 19. f5 gxf5 20. exf5 Bxf5 21. Bxh5 Nc4 22. Qe2 Qe3+ 23. Qxe3 Nxe3 24. Rde1 Rxc3 25. bxc3 Nd5 26. c4 Nf4 27. Bf3 Rc8 28. Rxe7 Rxc4 29. Bd1 Ng6 30. Re8 Nxh4 31. Kb2 Ng6 32. Rd8 d5 33. c3 Rf4 34. Rh2 Ne5 35. Bc2 Nf3 36. Rhh8 Nxg5 37. Rhg8+ Kf6 38. Rxd5 Bxc2 39. Kxc2 Ne6 40. Rb8 b6 41. Rb7 Nc5 42. Rxa7 Ke6 43. Rd4 Rf2+ 44. Rd2 Rf3 45. Ra8 f5 46. Re8+ Kf7 47. Rb8 Na4 48. Rd6 Rxc3+ 49. Kd2 Rc7 50. Rh8 Kg7 51. Rdh6 Rc3 52. R8h7+ Kg8 53. Ra7 Rxa3 54. Rd6 Ra2+ 55. Ke1 Ra1+ 56. Kf2 Ra2+ 57. Kg3 f4+ 58. Kh3 Ra3+ 59. Kh4 1-0

[Event "2006 U.S. Masters Championship"]
[Site "Hendersonville, NC"]
[Date "2006.03.11"]
[Round "2.1"]
[White "Dana, Maurice"]
[Black "Branton Jr, Gary L"]
[Result "1-0"]
[WhiteElo "2200"]
[BlackElo "1926"]
[PlyCount "57"]
[EventDate "2006.03.11"]
[EventCountry "USA"]

 1. e4 e6 2. d4 d5 3. Nc3 Nf6 4. e5 Nfd7 5. f4 c5 6. Nf3 Nc6 7. Bd3 a6 8. O-O cxd4 9. Ne2 Bc5 10. Ng3 b5 11. Kh1 Bb7 12. Ng5 Qe7 13. f5 Ncxe5 14. fxe6 fxe6 15. Qh5+ g6 16. Qh3 Nf6 17. Qxe6 Qxe6 18. Nxe6 Bd6 19. Rxf6 Ke7 20. Bg5 h6 21. Nf5+ gxf5 22. Bh4 Nxd3 23. cxd3 Kd7 24. Re1 Bb4 25. Rf7+ Kc6 26. Nxd4+ Kb6 27. Re6+ Ka7 28. Nc6+ Kb6 29. Nxb4+ 1-0